000 00537nam a2200241 a 4500
001 nice12345678
003 IN_TiNIC
005 20260116012210.0
008 050524s1968 a grp 000 0 urd
020 _a
_c1.25
082 0 0 _a297.297
_bOSM
100 _aOsman, Mohd
245 _aCommunism Awr Mazhab
260 _a
_b
_c1968
300 _a95p
500 _aincludes index and biblioraphy
505 2 _aIndex
650 _aCommunism and Islam
700 1 _aOsman, Mohd
902 _bSRS
942 _cBK
999 _c6045
_d6045